| 000 | 00770nam a2200229 u 4500 | ||
|---|---|---|---|
| 005 | 20220701133601.0 | ||
| 008 | 110907s1999 r 000 0 eng d | ||
| 020 | _a8476425953 (NAU Llibres) | ||
| 020 | _a8480634065 (Octaedro) | ||
| 035 | _aUPN01000181729 | ||
| 049 | _aCG | ||
| 050 | 4 |
_aPN1997 S3197 _bCH4.3 |
|
| 100 | 1 | _aCherta Puig, Rafael | |
| 245 | 1 | 0 |
_aCentauros del desierto : _bJohn Ford (1956) / _cRafael Cherta Puig. |
| 260 |
_aValencia, Esp. : _bNAU Llibres : _bOctaedro, _c1999. |
||
| 300 |
_a83 p. : _bil. |
||
| 440 | 0 | _aGuĂas para ver y analizar cine | |
| 650 | 4 |
_aCENTAUROS DEL DESIERTO (PELICULA CINEMATOGRAFICA) _919422 |
|
| 600 | 1 | 4 |
_aFORD, JOHN, _d1894-1973 _919423 |
| 650 | 0 |
_aProductores y directores cinematográficos _9463 |
|
| 905 | _aLibro | ||
| 999 |
_c153832 _d153832 |
||